000 00541nam a2200241Ia 4500
008 210210b1943 xxu||||| |||| 00| 0 eng d
041 _aeng
082 _a825/972
100 _a-
245 _aProceedings of the British academy 1943 Vol 29
260 _aLondon
_bOxford University Press
_c1943
440 _a29
650 _aVol
650 _athe
650 _aProceedings
650 _aof
650 _aBritish
650 _aacademy
650 _a29
650 _a1943
690 _aEnglish Criticism
906 _a015288
999 _c134637
_d134637